Straight Up Trivia #23: James Bond Films Part 2 - Statistics

General Stats
  • This quiz has been taken 11 times
  • The average score is 5 of 10
Answer Stats
Hint Answer % Correct
Live and Let Die, 1973. What band performed the theme song to the movie Live and Let Die? Wings
82%
License to Kill, 1989. License to Kill starts at a wedding in what southernmost city in the contiguous United States? Key West
64%
The Man with the Golden Gun, 1974. In Season 1, Episode 8 of the Golden Girls, Rose buys a gun after their house is broken into. What city was Golden Girls set in? Miami
64%
Moonraker, 1979. What is the largest moon in the solar system, and the only moon known to have its own magnetic field? Ganymede
55%
A View to a Kill, 1985. What Jamaican model and singer played Bond girl May Day in A View to a Kill? Grace Jones
55%
The Spy Who Loved Me, 1977. What is the name of the theme song to The Spy Who Loved Me? Performed by Carly Simon, it was the first theme song since Dr. No to have a different name than the movie. Nobody Does It Better
55%
Bonus Timothy Dalton question: Dalton plays the main bad guy in the second film in the Three Flavours Cornetto trilogy. What is the title of that movie? Hot Fuzz
36%
For Your Eyes Only, 1981. What is the central part of the retina of the eye, responsible for sharp, detailed central vision? The decline of this structure is the leading cause of vision loss in people over the age of 50. Macula
27%
Octopussy, 1983. Octopuses have blue blood, with oxygen transported by hemocyanin, which is more efficient than hemoglobin at low temperatures and low oxygen concentrations. What metal forms the basis of hemocyanin in place of the iron in hemoglobin? Copper
18%
The Living Daylights, 1987. What term, used correctly in the movie The Martian, is the term for a day on Mars? It is roughly 24 hours and 40 minutes long. Sol
9%
No matching quizzes found
Score Distribution
Percent of People with Each Score
Percentile by Number Answered
Your Score History
You have not taken this quiz